বেগম রোকেয়া নারী জাগরনের অগ্রদূত / (Record no. 74260)
[ view plain ]
| 000 -LEADER | |
|---|---|
| fixed length control field | 01116nam a2200277 a 4500 |
| 001 - CONTROL NUMBER | |
| control field | 74260 |
| 003 - CONTROL NUMBER IDENTIFIER | |
| rucl marc code | BD-RjUL |
| 005 - DATE AND TIME OF LATEST TRANSACTION | |
| control field | 20211209082527.0 |
| 008 - FIXED-LENGTH DATA ELEMENTS--GENERAL INFORMATION | |
| fixed length control field | 180419r20092006ii ||||| b|i| 001 0 ben d |
| 020 ## - INTERNATIONAL STANDARD BOOK NUMBER | |
| International Standard Book Number | 8180640973 |
| Terms of availability | Tk.50.00 |
| 035 ## - SYSTEM CONTROL NUMBER | |
| System control number | (BD-RjUL)74478 |
| 040 ## - CATALOGING SOURCE | |
| Original cataloging agency | BD-RjUL |
| Language of cataloging | eng |
| Transcribing agency | BD-RjUL |
| 041 ## - LANGUAGE CODE | |
| Language code of text/sound track or separate title | ben |
| 082 ## - DEWEY DECIMAL CLASSIFICATION NUMBER | |
| Edition number | 23 |
| Classification number | 370.82092 |
| Author mark and year | HOB 2009 |
| 100 ## - MAIN ENTRY--PERSONAL NAME | |
| Personal name | হোসেন, আনোয়ার |
| 9 (RLIN) | 221208 |
| 245 10 - TITLE STATEMENT | |
| Title | বেগম রোকেয়া নারী জাগরনের অগ্রদূত / |
| Statement of responsibility, etc. | আনোয়ার হোসেন, |
| 260 ## - PUBLICATION, DISTRIBUTION, ETC. (IMPRINT) | |
| Place of publication, distribution, etc. | কলকাতা : |
| Name of publisher, distributor, etc. | প্রগ্রেসিভ পাব , |
| Date of publication, distribution, etc. | ২০০৬ (মুদ্রন ২০০৯ ) |
| 300 ## - PHYSICAL DESCRIPTION | |
| Pagination | ১১২ পৃ. ; |
| Size | ২২ সেমি. |
| 500 ## - GENERAL NOTE | |
| General note | তথ্যসূত্র সংযোজিত |
| 504 ## - BIBLIOGRAPHY, ETC. NOTE | |
| Bibliography, etc | গ্রন্থপঞ্জি সম্বলিত |
| 600 ## - SUBJECT ADDED ENTRY--PERSONAL NAME | |
| Personal name | রোকেয়া, বেগম |
| Personal name | Rokeya, Begum |
| 650 ## - SUBJECT ADDED ENTRY--TOPICAL TERM | |
| Topical term or geographic name as entry element | শিক্ষাবিদ |
| Form subdivision | জীবনী |
| 9 (RLIN) | 221211 |
| Topical term or geographic name as entry element | Educator |
| Form subdivision | Biography |
| 9 (RLIN) | 192361 |
| 942 ## - ADDED ENTRY ELEMENTS (KOHA) | |
| Source of classification or shelving scheme | Dewey Decimal Classification |
| Koha item type | Books |
| Lost status | Source of classification or shelving scheme | Damaged status | Not for loan | Collection code | Permanent Location | Current Location | Shelving location | Date acquired | Source of acquisition | Cost, normal purchase price | Total Checkouts | Full call number | Date last seen | Copy number | Koha item type |
|---|---|---|---|---|---|---|---|---|---|---|---|---|---|---|---|
| Dewey Decimal Classification | Not For Loan | Non-fiction | Central Library, University of Rajshahi | Central Library, University of Rajshahi | Reading Room | 17/04/2017 | R.U. V.C. Office | 50.00 | B 370.82092 HOB 2009 | 19/04/2018 | C-1 | Books |